|
|
|
|
| LEADER |
00000nam0a2200000 4500 |
| 001 |
197719 |
| 005 |
20231101224754.0 |
| 010 |
|
|
|a 522210009Х
|
| 035 |
|
|
|a (RuTPU)RU\TPU\book\215673
|
| 035 |
|
|
|a RU\TPU\book\147807
|
| 090 |
|
|
|a 197719
|
| 100 |
|
|
|a 20110616d2006 m y0rusy50 ca
|
| 101 |
0 |
|
|a ger
|
| 102 |
|
|
|a RU
|
| 105 |
|
|
|a y j 001zy
|
| 200 |
1 |
|
|a Немецкий для экономистов
|e учебное пособие
|f Н. В. Басова, Т. Ф. Гайвоненко
|
| 205 |
|
|
|a 9-е изд.
|
| 210 |
|
|
|a Ростов-на-Дону
|c Феникс
|d 2006
|
| 215 |
|
|
|a 379 с.
|
| 225 |
1 |
|
|a Высшее образование
|
| 320 |
|
|
|a Грамматический справочник: с. 327-356.
|
| 320 |
|
|
|a Толковый словарь: с. 357-375.
|
| 320 |
|
|
|a Библиография: с. 376.
|
| 330 |
|
|
|a Данное пособие предназначено для студентов экономических специальностей. Основной целью является подготовка студентов к чтению профориентированной литературы, развитие ранее сформированных умений устной речи и формирование умений группового общения по общедоступным и углубленным экономическим проблемам.
|
| 606 |
1 |
|
|a Немецкий язык
|x Учебные руководства и пособия для вузов
|2 stltpush
|3 (RuTPU)RU\TPU\subj\45394
|9 64636
|
| 610 |
1 |
|
|a лексика
|
| 610 |
1 |
|
|a грамматика
|
| 610 |
1 |
|
|a разговорная речь
|
| 610 |
1 |
|
|a экономика
|
| 610 |
1 |
|
|a экономические тексты
|
| 686 |
|
|
|a Ш143.24-923
|v LBC/SL-A
|2 rubbk
|
| 700 |
|
1 |
|a Басова
|b Н. В.
|g Нонна Владимировна
|
| 701 |
|
1 |
|a Гайвоненко
|b Т. Ф.
|g Тамара Федоровна
|
| 801 |
|
1 |
|a RU
|b 63413507
|c 20080423
|g PSBO
|
| 801 |
|
2 |
|a RU
|b 63413507
|c 20161130
|g PSBO
|
| 942 |
|
|
|c BK
|
| 959 |
|
|
|a 46/20080422
|d 1
|e 201,08
|f ЧЗИЛ:1
|